[Event "Challenge"]
[Site "http://www.queenalice.com/game.php?id=1263725"]
[Date "2014.3.10"]
[Round "-"]
[White "zondervan"]
[Black "MeisterM"]
[Result "0-1"]
[WhiteElo "1166"]
[BlackElo "1319"]

1. e4 c5 2. Nf3 d6 3. d4 Qa5+ 4. Bd2 Qa4 5. Nc3 Qb4 6. Bb5+ Bd7 7. Bxd7+ Kxd7 8.
Rb1 Na6 9. O-O e6 10. e5 cxd4 11. Nxd4 Qxd4 12. Bf4 Qxf4 0-1

[Event "Challenge"]
[Site "http://www.queenalice.com/game.php?id=1263731"]
[Date "2014.3.10"]
[Round "-"]
[White "CalJedBuddy"]
[Black "zondervan"]
[Result "1-0"]
[WhiteElo "1500"]
[BlackElo "1135"]

1. e3 e5 2. Nc3 Nf6 3. d4 exd4 4. exd4 Be7 5. Qe2 O-O 6. d5 Bb4 7. a3 Ba5 8. b4
Bb6 9. f3 Re8 10. Be3 d6 11. g4 h6 12. O-O-O c6 13. Nh3 cxd5 14. Ne4 Bxe3+ 15.
Qxe3 Nc6 16. g5 d4 17. Qb3 Ng4 18. g6 Ne3 19. gxf7+ Kf8 20. fxe8=Q+ Qxe8 21. Re1
Bf5 22. c3 Rc8 23. Nxd6 Qd8 24. Qf7# 1-0

[Event "game"]
[Site "http://www.queenalice.com/game.php?id=1263777"]
[Date "2014.3.10"]
[Round "-"]
[White "Ruusgugg"]
[Black "zondervan"]
[Result "0-1"]
[WhiteElo "1351"]
[BlackElo "1291"]

1. e4 e5 2. Nf3 Nc6 3. Bc4 Bb4 4. c3 Ba5 5. O-O Nf6 6. d4 d6 7. Ng5 Qe7 8. f4
O-O 9. Rf3 Bg4 10. Rd3 Bxd1 11. Rxd1 Nxe4 12. Nxe4 Bb6 13. fxe5 Rae8 14. Rd3
dxe5 15. Bg5 Qe6 16. Bxe6 Rxe6 17. Na3 f6 18. Be3 f5 19. Ng5 Rd6 20. Nb5 Rg6 21.
d5 e4 22. Rd2 Bxe3+ 23. Kf1 Bxd2 24. Ne6 Rff6 25. Nexc7 Ne5 26. Nxa7 Rh6 27. Rd1
Bf4 28. d6 Rxh2 29. Nd5 Rh1+ 30. Ke2 Rxd1 31. Kxd1 Rxd6 32. a4 Rxd5+ 33. Ke2
Rd2+ 34. Ke1 Nd3+ 35. Kf1 Rf2+ 0-1

[Event "Challenge"]
[Site "http://www.queenalice.com/game.php?id=1264283"]
[Date "2014.3.12"]
[Round "-"]
[White "zondervan"]
[Black "CalJedBuddy"]
[Result "1-0"]
[WhiteElo "1199"]
[BlackElo "1518"]

1. e4 Nf6 2. Nc3 e5 3. f4 c6 4. Nf3 d5 5. Qe2 exf4 6. d3 Nh5 7. Bxf4 Nxf4 8. Qe3
g5 9. exd5+ Kd7 10. Ne5+ Ke8 11. Nxc6+ Kd7 12. Nxd8 Kxd8 13. d4 h5 14. O-O-O Bf5
15. Re1 Bd6 16. a3 Na6 17. Nb5 Kd7 18. g3 Rhe8 19. Qd2 Rac8 20. Kb1 Rxc2 21.
Qxc2 Nd3 22. Bxd3 Bxd3 23. Qxd3 Nb4 24. axb4 Bxb4 25. Rxe8 Kxe8 26. Re1+ Be7 27.
Qe3 Kf8 28. Qxe7+ Kg8 29. Qf6 a5 30. Re8+ Kh7 31. Rh8# 1-0

[Event "AUTO-BEG-605"]
[Site "http://www.queenalice.com/game.php?id=1264801"]
[Date "2014.3.14"]
[Round "1"]
[White "zondervan"]
[Black "Kaka10"]
[Result "0-1"]
[WhiteElo "1233"]
[BlackElo "1187"]

1. e4 e5 2. f4 exf4 3. Bc4 Qh4+ 4. Kf1 Nh6 5. Nf3 Qh5 6. d4 g5 7. Nc3 Bg7 8. Kf2
Ng4+ 9. Ke2 Nc6 10. Re1 Nxd4+ 11. Kf1 Nxf3 12. Qxf3 Nxh2+ 13. Kg1 Nxf3+ 0-1

[Event "AUTO-BEG-605"]
[Site "http://www.queenalice.com/game.php?id=1264802"]
[Date "2014.3.14"]
[Round "1"]
[White "Kaka10"]
[Black "zondervan"]
[Result "1-0"]
[WhiteElo "1352"]
[BlackElo "1250"]

1. e4 c5 2. Nf3 e6 3. d4 cxd4 4. Nxd4 a6 5. Be2 Nf6 6. Nc3 Bc5 7. Nb3 Qc7 8.
Nxc5 Qxc5 9. O-O O-O 10. Be3 Qa5 11. f4 Nc6 12. e5 Ng4 13. Bxg4 Rd8 14. a3 b5
15. Qd6 Re8 16. Bf3 Bb7 17. Qxd7 Rf8 18. Qxb7 1-0

[Event "Challenge"]
[Site "http://www.queenalice.com/game.php?id=1267007"]
[Date "2014.3.21"]
[Round "-"]
[White "zondervan"]
[Black "magalhaes_br"]
[Result "1-0"]
[WhiteElo "1343"]
[BlackElo "1441"]

1. e4 e5 2. f4 Nc6 3. Nf3 d6 4. Bc4 Nh6 5. Nc3 Be7 6. O-O f6 7. d3 f5 8. Ng5 Na5
9. Be3 Nxc4 10. dxc4 c5 11. Qe1 g6 12. Qd1 b6 13. Nd5 Bf8 14. c3 a6 15. Qb3 Rb8
16. Qa4+ Qd7 17. Nf6+ Ke7 18. Nxd7 Bxd7 19. Qd1 Ng4 20. h3 Nxe3 21. Qf3 Nxc4 22.
Rfe1 Nxb2 23. exf5 Bxf5 24. fxe5 d5 25. Qxd5 Ke8 26. Qb3 Nd3 27. Qf7+ Kd8 28.
Qf6+ Be7 29. Qxh8+ Kc7 30. Qxh7 Nxe1 31. Qxe7+ Kc6 32. Rxe1 Rb7 33. Qf6+ Kb5 34.
Rb1+ Kc4 35. e6 Rb8 36. e7 Re8 37. Qf7+ Kxc3 38. Qxe8 Bxb1 39. Qh8+ Kc2 40. e8=Q
Bxa2 41. Qa1 Kb3 42. Qe2 Ka3 43. Qexa2+ Kb4 44. Qa4# 1-0

[Event "Challenge"]
[Site "http://www.queenalice.com/game.php?id=1267751"]
[Date "2014.3.24"]
[Round "-"]
[White "chamnikar"]
[Black "zondervan"]
[Result "1-0"]
[WhiteElo "1149"]
[BlackElo "1351"]

1. e4 c5 2. f4 Nc6 3. Nf3 d5 4. exd5 Qxd5 5. d3 Bf5 6. Nc3 Qe6+ 7. Qe2 g6 8.
Qxe6 Bxe6 9. Be2 Bg7 10. Bd2 Rd8 11. O-O Nf6 12. h3 Nd4 13. Nxd4 Rxd4 14. Be3
Rb4 15. b3 Nh5 16. Bxh5 1-0